Desenhe a Costa da Europa - Mapa - Statistics

Estatísticas Gerais
  • Esse quiz foi jogado 9 641 vezes
  • A pontuação média é 15 de 39
Respostas no mapa
Respostas codificadas por cores de uma escala verde-vermelha no mapa do quiz de acordo com a % correta abaixo.
 
Estatísticas das Respostas
País % Correto
Rússia
99%
Noruega
59%
Suécia
56%
Finlândia
55%
Estônia
43%
Letónia
42%
Lituânia
42%
Rússia
42%
Alemanha
41%
Polônia
41%
Dinamarca
40%
Portugal
40%
Rússia
40%
Alemanha
39%
Bélgica
39%
Espanha
39%
Espanha
39%
França
39%
Países Baixos
39%
Espanha
34%
França
34%
Itália
34%
França
33%
Mônaco
33%
Reino Unido (Gibraltar)
33%
Croácia
32%
Eslovénia
32%
Bósnia e Herzegovina
31%
Albânia
28%
Croácia (Dubrovnik)
28%
Grécia
28%
Montenegro
28%
Turquia
27%
Bulgária
26%
Romênia
25%
Ucrânia
25%
Rússia
24%
Rússia
24%
Ucrânia
23%
Nenhum quiz correspondente encontrado
Distribuição das Pontuações
Porcentagem de Pessoas com Cada Pontuação
Percentil de Números Respondidos
Sua Pontuação Histórica
Você não jogou esse quiz